000 00546nam a2200205Ia 4500
001 9795
003 GE_BSU
008 181216s||||||||xx |||||||||||||| ||und||
040 _cGE_BSU
080 _a821.353.1–1
100 _aნონეშვილი,იოსებ
245 _aლექსები
245 _cრედ.ირ.აბაშიძე
260 _aთბილისი
260 _bსახელგამი
260 _c1949
300 _a121გვ.21სმ.
653 _aლექსები
942 _cBK
999 _c43075
_d43075